Normal view
MARC view
Entry Personal Name
001 - CONTROL NUMBER
- control field: 1237863
003 - CONTROL NUMBER IDENTIFIER
- control field: OSt
005 - DATE AND TIME OF LATEST TRANSACTION
- control field: 20260430150548.0
008 - FIXED-LENGTH DATA ELEMENTS
- fixed length control field: 260430|| aca||aabn | a|a d
040 ## - CATALOGING SOURCE
- Original cataloging agency: OSt
- Transcribing agency: OSt
100 ## - HEADING--PERSONAL NAME
- Personal name: Sharma Prince Au.; Dutta Anjan Gu.; Jain Chetana Gu
670 ## - SOURCE DATA FOUND
- Source citation: Work cat.: (OSt)1850084: Sharma Prince Au.; Dutta Anjan Gu.; Jain Chetana Gu., Spectral and Timing Study of X-ray Binaries, 2024
